Kirchen zu europäischen Städten - Bildquiz #2 - Statistiken

Allgemein
  • Dieses Quiz wurde 193 mal gespielt
  • Das Durchschnittsergebnis liegt bei 8 aus 18
Antwortstatistiken
Bildquiz Antwort % Korrekt
München
93%
Paris
87%
Mailand
84%
Florenz
73%
Vatikanstadt
66%
Ulm
62%
Dresden
59%
London
53%
Kiew
41%
Mainz
36%
Prag
27%
Berlin
26%
Cordoba
24%
Helsinki
20%
Tallinn
16%
Lyon
14%
Kopenhagen
10%
Rouen
10%
Keine übereinstimmenden Quizze gefunden
Verteilung der Resultate
Anzahl Personen mit jedem Resultat
Perzentil nach korrekt beantworteten Fragen
Ihre Resultats-Entwicklung
Sie haben dieses Quiz noch nicht gespielt